000
00260nam a2200109Ia 4500
008
231011s9999 xx 000 0 und d
041
_a
eng
100
_a
B. Gnederko.
245
_a
The Theory Of Probablity.
260
_b
MIR Publishar Moscow. -
365
_b
13
999
_c
883334
_d
883334